| 000 | 00567nam a2200217Ia 4500 | ||
|---|---|---|---|
| 003 | OSt | ||
| 005 | 20230517171554.0 | ||
| 008 | 210423s2007 xx 000 0 und d | ||
| 020 | _a978-81-904727-4-6 | ||
| 040 | _cAL | ||
| 041 | _aeng | ||
| 082 |
_a610.28 _223 _bMACT |
||
| 100 |
_aMACHVE (K K) _9107432 |
||
| 245 | _aTextbook of bio intrumentation | ||
| 260 |
_aNew Delhi _bOxford University Press _c2007 |
||
| 300 |
_ax,262 _bHB |
||
| 365 |
_b695 _cINR |
||
| 650 |
_aMedical Sciences _9107433 |
||
| 906 | _abio ; intrumentation ; Textbook | ||
| 942 |
_2ddc _cBK |
||
| 999 |
_c166684 _d166684 |
||